Приказы Комитета членов Учредительного Собрания с № 1-134

Доступно только в Электронных читальных залах Найти на картеНа карте
RUSMARC
00003744nac2a22002651x 450
0012d8ae0ce-c8b7-4a05-a437-80d8b1878f29
00520131127222946.0
100##$a20130529l19181918k y0rusy50 ca
1010#$arus
102##$aRU
105##$ay z |||||
1222#$ad19180608
$ad19180727
2001#$aПриказы Комитета членов Учредительного Собрания с № 1-134
$h№ 1-134
$j8 июня - 27 июля 1918
215##$a43 листа
251##$cДело
300##$aЗаголовок дела на папке: Приказы Комитета членов Учредительного Собрания с № 1-96
300##$aЧасть текста напечатана на машинке, часть типографским способом
330##$a1918 г.
461#0$10016acea900-bbdd-4462-aec8-f9864691bfac
$12001
$aКомитет членов всероссийского учредительного собрания (комуч). Самара
$1251
$cФонд
$1852
$j749
$gР
462#0$1001c17ba735-eddd-428f-bbec-0d9715696f5d
$12001
$aОпись дел Комитета членов Всероссийского Учредительного собрания. 1918 г.
$1251
$cОпись
$1852
$j1
517##$aПриказы Комитета членов Учредительного Собрания с № 1-96
60102$3RU\NLR\AUTH\66826314
$aКомитет членов Всероссийского учредительного собрания
801#0$aRU
$bGA_RF
801#1$aRU
$bНПО Опыт
$c20130529
$2rusmarc
801#2$aRU
$bПБ им. Б.Н. Ельцина
$c20131127
$gRCR
$2rusmarc
852##$aГА РФ
$j1
937##$d42123209
$hПБ
035##$aRuPRLIB51000475
Формат отображения